[Event "Liga Insular Gran Canaria 3a"]
[Site "Las Palmas"]
[Date "2019.03.16"]
[Round "3.1"]
[White "Suarez Sauca, Alvaro Jose"]
[Black "Rodriguez Mesa, Alejandro"]
[Result "0-1"]
[WhiteElo "1084"]
[BlackElo "1304"]
[PlyCount "22"]
[EventDate "2019.03.02"]
[EventType "team-tourn"]
[EventRounds "9"]
[EventCountry "ESP"]
[SourceTitle "EXT 2021"]
[Source "ChessBase"]
[SourceDate "2020.10.23"]
[SourceVersion "1"]
[SourceVersionDate "2020.10.23"]
[SourceQuality "1"]
[WhiteTeam "Guia Univac III"]
[BlackTeam "Fundacion La Caja de Canarias VI"]
[WhiteTeamCountry "ESP"]
[BlackTeamCountry "ESP"]

1. e4 e5 2. Nf3 Nc6 3. d4 exd4 4. Nxd4 Bc5 5. Nxc6 Qf6 6. Qd5 Qxf2+ 7. Kd1 dxc6 8. Qe5+ Ne7 9. Qxg7 Rg8 10. Qxh7 Bg4+ 11. Be2 Qxe2# 0-1

[Event "Liga Insular Gran Canaria 3a"]
[Site "Las Palmas"]
[Date "2019.03.09"]
[Round "2.1"]
[White "Rodriguez Mesa, Alejandro"]
[Black "Bandin Lata, Daniel"]
[Result "1-0"]
[WhiteElo "1304"]
[BlackElo "1012"]
[PlyCount "96"]
[EventDate "2019.03.02"]
[EventType "team-tourn"]
[EventRounds "9"]
[EventCountry "ESP"]
[SourceTitle "EXT 2021"]
[Source "ChessBase"]
[SourceDate "2020.10.23"]
[SourceVersion "1"]
[SourceVersionDate "2020.10.23"]
[SourceQuality "1"]
[WhiteTeam "Fundacion La Caja de Canarias VI"]
[BlackTeam "Telde Los Llanos III"]
[WhiteTeamCountry "ESP"]
[BlackTeamCountry "ESP"]

1. d4 d5 2. Bf4 e6 3. Nf3 Nf6 4. e3 c5 5. c3 Nc6 6. Bb5 Be7 7. Ne5 Bd7 8. Nxd7 Qxd7 9. Nd2 a6 10. Ba4 b5 11. Bc2 0-0 12. Nf3 Bd6 13. Bg3 a5 14. Qe2 Rab8 15. dxc5 Bxg3 16. hxg3 b4 17. Ba4 Qc7 18. Bxc6 Qxc6 19. Ne5 Qxc5 20. Qd3 g6 21. g4 Rfd8 22. Qd4 Rbc8 23. Qf4 Qe7 24. g5 Ne4 25. Qh4 f6 26. gxf6 Nxf6 27. Ng4 Rf8 28. Nh6+ Kg7 29. Ng4 h5 30. Ne5 bxc3 31. Qg5 Qe8 32. bxc3 Ne4 33. Qh4 Nxf2 34. Rh2 Rxc3 35. g4 Rxe3+ 36. Kd2 Rxe5 37. Rxf2 Rxf2+ 38. Qxf2 hxg4 39. Qd4 Qb8 40. Re1 Kf6 41. Qf4+ Ke7 42. Qxe5 Qb4+ 43. Kc1 Qa3+ 44. Kb1 Qb4+ 45. Ka1 g3 46. Qxe6+ Kd8 47. Qxd5+ Kc7 48. Rc1+ Kb6 1-0

[Event "Las Palmas Insular-chT Segunda 1718"]
[Site "Las Palmas"]
[Date "2018.01.20"]
[Round "6.2"]
[White "Gamia Sunday, Cristobal"]
[Black "Rodriguez Mesa, Alejandro"]
[Result "0-1"]
[WhiteElo "1548"]
[BlackElo "1262"]
[PlyCount "102"]
[EventDate "2017.10.28"]
[EventType "team-swiss"]
[EventRounds "9"]
[EventCountry "ESP"]
[SourceTitle "EXT 2019"]
[Source "ChessBase"]
[SourceDate "2018.10.10"]
[SourceVersion "1"]
[SourceVersionDate "2018.10.10"]
[SourceQuality "1"]
[WhiteTeam "Fundacion La Caja de Canarias III"]
[BlackTeam "Fundacion La Caja de Canarias IV"]
[WhiteTeamCountry "ESP"]
[BlackTeamCountry "ESP"]

1. d4 d5 2. c4 c6 3. cxd5 cxd5 4. Nf3 Nf6 5. Bg5 g6 6. Bxf6 exf6 7. e3 Bg7 8. Bb5+ Bd7 9. Qb3 Qa5+ 10. Nc3 Bxb5 11. Qxb5+ Qxb5 12. Nxb5 Na6 13. Nd6+ Ke7 14. Nxb7 Rhb8 15. Nc5 Nxc5 16. dxc5 Rxb2 17. 0-0 f5 18. Nd4 Bxd4 19. exd4 Rd2 20. Rfd1 Rxd1+ 21. Rxd1 Rb8 22. f3 Rb2 23. a3 Ra2 24. Rd3 Ra1+ 25. Kf2 f4 26. g3 g5 27. Kg2 h5 28. Rb3 a5 29. gxf4 gxf4 30. Kh3 a4 31. Rc3 Rd1 32. Kh4 Rxd4 33. Kxh5 Rc4 34. Rd3 Rxc5 35. Rd4 Ke6 36. Rxf4 d4+ 37. Kg4 d3 38. Rd4 Rd5 39. Re4+ Kf6 40. Re1 d2 41. Rd1 Rd4+ 42. Kg3 Kg5 43. h4+ Kh5 44. f4 Rd3+ 45. Kf2 Kxh4 46. Ke2 Rxa3 47. Rxd2 Kg3 48. Rd4 Ra2+ 49. Ke3 a3 50. Ra4 Ra1 51. Ke4 a2 0-1

[Event "Gran Canaria Galdos op 2nd"]
[Site "Gran Canaria"]
[Date "2017.05.04"]
[Round "2"]
[White "Rodriguez Mesa, Alejandro"]
[Black "Guerra Aleman, Marcial"]
[Result "0-1"]
[WhiteElo "1095"]
[BlackElo "1696"]
[PlyCount "66"]
[EventDate "2017.05.03"]
[EventType "swiss"]
[EventRounds "5"]
[EventCountry "ESP"]
[SourceTitle "CBM 178 Extra"]
[Source "ChessBase"]
[SourceDate "2017.06.22"]
[SourceVersion "1"]
[SourceVersionDate "2017.06.22"]
[SourceQuality "1"]

1. d4 Nf6 2. Bf4 b6 3. Nf3 Bb7 4. Nbd2 c5 5. c3 g6 6. e3 Bg7 7. Bd3 0-0 8. Qc2 d6 9. 0-0 Nh5 10. Bg3 Nxg3 11. fxg3 Nd7 12. Be4 d5 13. Bd3 Rc8 14. b3 Re8 15. Rac1 e5 16. Bb5 cxd4 17. exd4 e4 18. Bxd7 Qxd7 19. Ne5 Bxe5 20. dxe5 Rxe5 21. c4 d4 22. Rf4 e3 23. Re1 Rce8 24. Nf3 Bxf3 25. gxf3 d3 26. Qd1 g5 27. Re4 Rxe4 28. fxe4 Rxe4 29. Kg2 Qd4 30. Qh5 f6 31. Qd1 g4 32. h3 Qb2+ 33. Kh1 Qd2 0-1